<?xml version="1.0" encoding="UTF-8"?>
<record
    xmlns:xsi="http://www.w3.org/2001/XMLSchema-instance"
    xsi:schemaLocation="http://www.loc.gov/MARC21/slim http://www.loc.gov/standards/marcxml/schema/MARC21slim.xsd"
    xmlns="http://www.loc.gov/MARC21/slim">

  <leader>00704nam a22001337a 4500</leader>
  <datafield tag="040" ind1=" " ind2=" ">
    <subfield code="c">RUA</subfield>
  </datafield>
  <datafield tag="082" ind1=" " ind2=" ">
    <subfield code="a">AVM POV 2018 B658 Or.1</subfield>
  </datafield>
  <datafield tag="100" ind1=" " ind2=" ">
    <subfield code="a">POV PHEARA &#x1796;&#x17C5; &#x1797;&#x17B6;&#x179A;&#x17C9;&#x17B6;</subfield>
  </datafield>
  <datafield tag="245" ind1=" " ind2=" ">
    <subfield code="a">HAEMOP ARASITE IN NATIVE CHICKENS (Gallus gallus domesticus L.) AT OTAPONG COMMUNE,BAKAN DISTRICT, PURSAT PROVINCE  &#x1794;&#x179A;&#x17B6;&#x179F;&#x17B7;&#x178F;&#x1780;&#x17D2;&#x1793;&#x17BB;&#x1784;&#x1788;&#x17B6;&#x1798;&#x1798;&#x17B6;&#x1793;&#x17CB;&#x1796;&#x17BC;&#x1787;&#x1780;&#x17D2;&#x1793;&#x17BB;&#x1784;&#x179F;&#x17D2;&#x179A;&#x17BB;&#x1780;&#x200B; &#x1793;&#x17C5;&#x1783;&#x17BB;&#x17C6;&#x17A2;&#x17BC;&#x179A;&#x178F;&#x17B6;&#x1794;&#x17C9;&#x17C4;&#x1784;&#x179F;&#x17D2;&#x179A;&#x17BB;&#x1780;&#x1794;&#x17B6;&#x1780;&#x17B6;&#x1793;&#x200B; &#x1781;&#x17C1;&#x178F;&#x17D2;&#x178F;&#x1796;&#x17C4;&#x1792;&#x17B7;&#x17D0;&#x179F;&#x17B6;&#x178F;&#x17CB;</subfield>
  </datafield>
  <datafield tag="260" ind1=" " ind2=" ">
    <subfield code="a">rua </subfield>
    <subfield code="b">phnom penh</subfield>
    <subfield code="c">2018</subfield>
  </datafield>
  <datafield tag="300" ind1=" " ind2=" ">
    <subfield code="a">x;46p</subfield>
    <subfield code="b">ill;</subfield>
    <subfield code="c">29cm</subfield>
  </datafield>
  <datafield tag="856" ind1=" " ind2=" ">
    <subfield code="u">https://drive.google.com/file/d/1ihXxriuWo9IEGhdOg12xosPttcHV-6sS/view?usp=sharing</subfield>
  </datafield>
  <datafield tag="942" ind1=" " ind2=" ">
    <subfield code="c">AVM</subfield>
  </datafield>
  <datafield tag="999" ind1=" " ind2=" ">
    <subfield code="c">18924</subfield>
    <subfield code="d">18924</subfield>
  </datafield>
  <datafield tag="952" ind1=" " ind2=" ">
    <subfield code="0">0</subfield>
    <subfield code="1">0</subfield>
    <subfield code="2">ddc</subfield>
    <subfield code="4">0</subfield>
    <subfield code="6">AVM_POV_2018_000000000000000_B658_OR</subfield>
    <subfield code="7">0</subfield>
    <subfield code="9">83631</subfield>
    <subfield code="a">LBB</subfield>
    <subfield code="b">LBA</subfield>
    <subfield code="c">B658</subfield>
    <subfield code="d">2020-02-11</subfield>
    <subfield code="l">8</subfield>
    <subfield code="m">1</subfield>
    <subfield code="o">AVM POV 2018 B658 Or.</subfield>
    <subfield code="p">A43653</subfield>
    <subfield code="q">2026-05-07</subfield>
    <subfield code="r">2026-03-24</subfield>
    <subfield code="s">2026-03-24</subfield>
    <subfield code="y">AVM</subfield>
  </datafield>
  <datafield tag="952" ind1=" " ind2=" ">
    <subfield code="0">0</subfield>
    <subfield code="1">0</subfield>
    <subfield code="2">ddc</subfield>
    <subfield code="4">0</subfield>
    <subfield code="6">AVM_POV_2018_000000000000000_B658_OR</subfield>
    <subfield code="7">0</subfield>
    <subfield code="9">83632</subfield>
    <subfield code="a">LBB</subfield>
    <subfield code="b">LBB</subfield>
    <subfield code="c">B658</subfield>
    <subfield code="d">2021-01-25</subfield>
    <subfield code="l">2</subfield>
    <subfield code="o">AVM POV 2018 B658 Or.</subfield>
    <subfield code="p">A43642</subfield>
    <subfield code="r">2021-02-01</subfield>
    <subfield code="s">2021-01-20</subfield>
    <subfield code="y">AVM</subfield>
  </datafield>
  <datafield tag="952" ind1=" " ind2=" ">
    <subfield code="0">0</subfield>
    <subfield code="1">0</subfield>
    <subfield code="2">ddc</subfield>
    <subfield code="4">0</subfield>
    <subfield code="6">AVM_POV_2018_000000000000000_B658_OR</subfield>
    <subfield code="7">0</subfield>
    <subfield code="9">83633</subfield>
    <subfield code="a">LBB</subfield>
    <subfield code="b">LBB</subfield>
    <subfield code="c">B658</subfield>
    <subfield code="d">2021-01-25</subfield>
    <subfield code="l">1</subfield>
    <subfield code="o">AVM POV 2018 B658 Or.</subfield>
    <subfield code="p">A43717</subfield>
    <subfield code="r">2022-03-23</subfield>
    <subfield code="s">2022-02-21</subfield>
    <subfield code="y">AVM</subfield>
  </datafield>
  <datafield tag="952" ind1=" " ind2=" ">
    <subfield code="0">0</subfield>
    <subfield code="1">0</subfield>
    <subfield code="2">ddc</subfield>
    <subfield code="4">0</subfield>
    <subfield code="6">AVM_POV_2018_000000000000000_B658_OR</subfield>
    <subfield code="7">0</subfield>
    <subfield code="9">83634</subfield>
    <subfield code="a">LBB</subfield>
    <subfield code="b">LBB</subfield>
    <subfield code="c">B658</subfield>
    <subfield code="d">2020-02-11</subfield>
    <subfield code="o">AVM POV 2018 B658 Or.</subfield>
    <subfield code="p">A43352</subfield>
    <subfield code="r">2020-02-11</subfield>
    <subfield code="w">2020-02-11</subfield>
    <subfield code="y">AVM</subfield>
  </datafield>
  <datafield tag="952" ind1=" " ind2=" ">
    <subfield code="0">0</subfield>
    <subfield code="1">0</subfield>
    <subfield code="2">ddc</subfield>
    <subfield code="4">0</subfield>
    <subfield code="6">AVM_POV_2018_000000000000000_B658_OR</subfield>
    <subfield code="7">0</subfield>
    <subfield code="9">83635</subfield>
    <subfield code="a">LBB</subfield>
    <subfield code="b">LBB</subfield>
    <subfield code="c">B658</subfield>
    <subfield code="d">2020-02-11</subfield>
    <subfield code="l">3</subfield>
    <subfield code="o">AVM POV 2018 B658 Or.</subfield>
    <subfield code="p">A45024</subfield>
    <subfield code="r">2025-08-01</subfield>
    <subfield code="s">2025-06-17</subfield>
    <subfield code="w">2020-02-11</subfield>
    <subfield code="y">AVM</subfield>
  </datafield>
  <datafield tag="952" ind1=" " ind2=" ">
    <subfield code="0">0</subfield>
    <subfield code="1">0</subfield>
    <subfield code="2">ddc</subfield>
    <subfield code="4">0</subfield>
    <subfield code="6">AVM_POV_2018_000000000000000_B658_OR</subfield>
    <subfield code="7">0</subfield>
    <subfield code="9">83636</subfield>
    <subfield code="a">LBB</subfield>
    <subfield code="b">LBB</subfield>
    <subfield code="c">B658</subfield>
    <subfield code="d">2020-02-11</subfield>
    <subfield code="l">1</subfield>
    <subfield code="o">AVM POV 2018 B658 Or.</subfield>
    <subfield code="p">A44096</subfield>
    <subfield code="r">2021-01-20</subfield>
    <subfield code="s">2021-01-20</subfield>
    <subfield code="w">2020-02-11</subfield>
    <subfield code="y">AVM</subfield>
  </datafield>
</record>
